000 00767nam a2200253Ia 4500
003 OSt
005 20220926011921.0
006 a|||||r|||| 00| 0
007 ta
008 220923b |||||||| |||| 00| 0 eng d
037 _cGeneral Book
040 _aRTL
_cRTL
_beng
041 _2eng
_aeng
082 _aX:8E, K6;L1
100 _aJones Reginald L
_9315230
245 0 _aBudgeting
_b Key to planning and control practioal
260 _aNew York
_bAmerican Management Association Publication USA
_c1971
300 _axii, 308p.
_ccm.
500 _aRev Ed. NY, AMA, 1971
650 _aBudgeting
700 _a Trentin H George
_9315231
942 _hX:8E, K6;L1
_cGB
_2CC
999 _c621275
_d621275